LEADER 02293nam 2200601Ia 450 001 9910452811303321 005 20200520144314.0 010 $a0-19-025436-X 010 $a1-299-45670-7 010 $a0-19-990851-6 035 $a(CKB)2550000001018744 035 $a(OCoLC)839305337 035 $a(CaPaEBR)ebrary10684992 035 $a(SSID)ssj0000860231 035 $a(PQKBManifestationID)12400814 035 $a(PQKBTitleCode)TC0000860231 035 $a(PQKBWorkID)10883992 035 $a(PQKB)10993919 035 $a(StDuBDS)EDZ0001029600 035 $a(MiAaPQ)EBC1164117 035 $a(Au-PeEL)EBL1164117 035 $a(CaPaEBR)ebr10684992 035 $a(CaONFJC)MIL476920 035 $a(OCoLC)922904559 035 $a(EXLCZ)992550000001018744 100 $a20121019d2013 uy 0 101 0 $aeng 135 $aur||||||||||| 181 $ctxt 182 $cc 183 $acr 200 10$aEverybody ought to be rich$b[electronic resource] $ethe life and times of John J. Raskob, capitalist /$fDavid Farber 210 $aOxford $cOxford University Press$d2013 215 $a1 online resource (376 p.) 300 $aBibliographic Level Mode of Issuance: Monograph 311 $a0-19-973457-7 320 $aIncludes bibliographical references and index. 330 8 $aJohn Raskob is not a name that looms large but his greatest building casts a shadow on the people of New York every day. Financier of the Empire State Building, Raskob was a self-made businessman who worked for DuPont and for GM and famously invented the idea for consumer credit, which he first offered to individual car buyers (GMAC). His wide circle of business associates and personal acquaintances included Water Chrysler, the DuPonts, Alfred Sloane, Franklin Roosevelt, Joseph Kennedy, Western miners, and the Pope. 606 $aCapitalists and financiers$vBiography 606 $aFinance$vBiography 608 $aElectronic books. 615 0$aCapitalists and financiers 615 0$aFinance 676 $a338.092 676 $aB 700 $aFarber$b David R$0904606 801 0$bMiAaPQ 801 1$bMiAaPQ 801 2$bMiAaPQ 906 $aBOOK 912 $a9910452811303321 996 $aEverybody ought to be rich$92184222 997 $aUNINA